科学实验王. 15 (Record no. 68504)

000 -LEADER
fixed length control field 00607nam a22002057a 4500
003 - CONTROL NUMBER IDENTIFIER
control field MPLRDC
005 - DATE AND TIME OF LATEST TRANSACTION
control field 20220105061059.0
008 - FIXED-LENGTH DATA ELEMENTS--GENERAL INFORMATION
fixed length control field 210129b ||||| |||| 00| 0 eng d
020 ## - INTERNATIONAL STANDARD BOOK NUMBER
International Standard Book Number 978-7-5391-8593-4
082 ## - DEWEY DECIMAL CLASSIFICATION NUMBER
Classification number 859.9 KXSY v.15
100 ## - MAIN ENTRY--PERSONAL NAME
Personal name 小熊工作室 GOMDORI CO. 文
245 ## - TITLE STATEMENT
Title 科学实验王. 15
Statement of responsibility, etc. 徐月珠 译; 弘钟贤 HONG JONG-HYUN 图
250 ## - EDITION STATEMENT
Edition statement 二版五刷
260 ## - PUBLICATION, DISTRIBUTION, ETC.
Place of publication, distribution, etc. 中国
Name of publisher, distributor, etc. 二十一世纪出版社
Date of publication, distribution, etc. 2014
300 ## - PHYSICAL DESCRIPTION
Other physical details
490 ## - SERIES STATEMENT
Series statement 我的第一本科学漫画书
520 ## - SUMMARY, ETC.
Summary, etc. 上架 2017-05-01。
650 ## - SUBJECT ADDED ENTRY--TOPICAL TERM
Topical term or geographic name entry element 儿童图画书
942 ## - ADDED ENTRY ELEMENTS (KOHA)
Koha item type Book
-- 859.9 KXSY v.15

No items available.

© 2022. Malaysian Public Library, Research and Development Centre. All Right ReservedE-mailmplrdc@help.edu.my 

Powered by Koha